000 00474nam a2200193Ia 4500
005 20240823055148.0
008 240823s9999||||xx |||||||||||||| ||und||
020 _a81-7824-3024
041 _aENGLISH
082 _A820.9954 Q6
100 _aArvind Krishna Mehrotra
245 2 _aA Concise History of Indian Literature in English
250 _a1st
260 _c2016
_bPermanent
500 _aYES
650 _aLiterature
_bEnglish
942 _cBK
999 _c228135
_d228135